| 000 | 00776nam a2200217Ia 4500 | ||
|---|---|---|---|
| 003 | OSt | ||
| 005 | 20260603150142.0 | ||
| 008 | 210210b1999 xxu||||| |||| 00| 0 eng d | ||
| 040 | _cAL | ||
| 041 | _aEnglish | ||
| 082 | _a954.87 PINK | ||
| 100 |
_aPINTO (Pius Fidelis). _968080 |
||
| 245 | _aKonkani christians of coastal karnataka in anglo-mysore relations. (1761-1799 A.D.) | ||
| 260 |
_bSamanvaya Prakashana _c1999 |
||
| 300 | _a172 | ||
| 520 | _aCONTENTS I. Introduction II. Konkani Christians, The British and Hyder Ali III. Konkani Christians, The British and Tipu Sultan IV. The Captivity of the Konkani Christians in 1784 V. Conclusion | ||
| 650 |
_aKonkani Christians _968081 |
||
| 690 |
_aKarnataka Histor _968082 |
||
| 906 | _a05472 | ||
| 942 |
_2ddc _cBK |
||
| 999 |
_c102533 _d102533 |
||